АЛЕКО (Запис номер 256693)
[ съкратено ]
| 000 -Лидер | |
|---|---|
| Контролно поле с фиксирана дължина | 01182nam a2200277 c 4500 |
| 003 - Код на организацията, давaща контролен номер | |
| Контролно поле | BLK |
| 005 - Дата и час на последна редакция | |
| Контролно поле | 20180421002907.0 |
| 008 - Елементи от данни с фиксирана дължина | |
| fixed length control field | 180413b bul|rap|||||| |0| ||bulo| |
| 010 ## - Наследен системен номер | |
| LC control number | PRD00007646000 |
| 040 ## - Източник на каталожния запис | |
| Идентификатор на билиотеката - собственик на записа | BLK |
| 041 ## - Код за език | |
| Код за езика на текст/звукозапис или на отделно заглавие | Български |
| Код за езика КДБФ | Български |
| 080 ## - УДК | |
| Текстов определител УДК | Български писател, адвокат и общественик (1863-1897) |
| УДК код - определител по УДК | 929 Константинов, Алеко Иваницов |
| УДК определител | |
| УДК - код + определител | 929 Константинов, Алеко Иваницов |
| 080 ## - УДК | |
| Текстов определител УДК | Биографии |
| УДК код - определител по УДК | 929 |
| УДК определител | (497.2) |
| УДК - код + определител | 929(497.2) |
| 110 1# - Редна дума - колетивен орган | |
| Редна дума - наименование на организация или юридическо лице | Междунар. фонд. Алеко Константинов |
| Авторска отговорност (Описва отношението между автора и произведението) | Ред. кол. : Янка Боянова и др. |
| 9 (RLIN) | 356435 |
| 245 10 - Сведения за заглавието | |
| Заглавие | АЛЕКО |
| Редно поле (дума) | |
| Дата на създаване на произведението | Начална год. на издаване: 7 ян. 1993, |
| 257 ## - Страна на издаване | |
| Страна на създаване/издаване | България |
| 260 ## - Област на издателските данни | |
| -- | Свищов |
| Име на издателя, разпространителя и проч. | Междунар. фонд. Алеко Константинов |
| Година на издаване | 1993 |
| Печатница | В. Търново : Абагар |
| 300 ## - Физическа характеристика | |
| Размери/Мащаб | 4 с. ; 4 |
| 310 ## - Текуща периодчност на изданието | |
| -- | периодичност: 0 |
| Срок за съхранение | срок за съхранение: 99 |
| 380 ## - Жанр | |
| Жанр | История |
| 852 ## - Местоположение | |
| Форматна сигнатура | Е 122 |
| 856 ## - Електронен адрес и достъп | |
| Електронен формат | pdf - файл |
| Път до файла /url/ | |
| 856 ## - Електронен адрес и достъп | |
| Електронен формат | pdf - файл |
| Път до файла /url/ | |
| 942 ## - АРТИКУЛИ | |
| Вид на библиотечния материал | Единични листове |
| Скрит в OPAC | Не |
| Периодичен библиозапис | Да |
| 944 ## - СЪЗДАВАНЕ И РЕДАКЦИЯ на ЗАПИСА | |
| Създаване/Редакция | Създаване |
| Дата на регистрацията/редакция | Ивелин_Митев |
| Служител, извършил регистрацията/редакцията | 15.01.2003 |
| 944 ## - СЪЗДАВАНЕ И РЕДАКЦИЯ на ЗАПИСА | |
| Създаване/Редакция | Редакция |
| Дата на регистрацията/редакция | |
| Служител, извършил регистрацията/редакцията | 23.07.2013 |
| 999 ## - СИСТЕМНИ КОНТРОЛНИ НОМЕРА | |
| Koha biblionumber | 256693 |
| Koha biblioitemnumber | 256693 |
| Код за отписване | Код за изгубен артикул | Източник на класификационната схема | Код за повреда | Коз за рестрикции | Код за отдаване | Артикулен № | Име на библиотеката - собственик | Име на библиотеката, в която се намира в момента | Статус (Текущо местоположение) | Дата на вписване в системата | Местоположение - отдел | Цена в лева | Инвентарен номер | Систематично азбучна сигнатура | Баркод | Номер на екземпляра | Цена в евро | Служебна бележка | Служебен тип на артикула | Бележка за публиката |
|---|---|---|---|---|---|---|---|---|---|---|---|---|---|---|---|---|---|---|---|---|
| Не е изгубен | Universal Decimal Classification | Не е повреден | без рестрикции | ползва се в читалня | 432417 | Регионална библиотека "Любен Каравелов" Русе | Регионална библиотека "Любен Каравелов" Русе | Хранилище | 2002-01-01 | Хранилище | 0.01 | 596949 | Е 122 | 130000596949 | 1 | 0.01 | Дост: Dp, Вид: Д, N: стар фонд, Дата: 01.01.2002, Дата инв: 05.11.2014, Бележки инв: Цб2014 | Единични листове | Год. на изд.: 1993 |